| 000 | 00459nam a2200205Ia 4500 | ||
|---|---|---|---|
| 001 | 13557 | ||
| 003 | GE_BSU | ||
| 008 | 181216s||||||||xx |||||||||||||| ||und|| | ||
| 020 | _a0743429915 | ||
| 040 | _cGE_BSU | ||
| 080 | _a821.111-3 | ||
| 100 | _aCrick, Michael | ||
| 245 | 4 | _aThe Boss: The Many Sides of Alex Ferguson | |
| 260 | _aLondon | ||
| 260 | _bPocket Books | ||
| 260 | _c2002,2003 | ||
| 300 | _a644p.18cm. | ||
| 653 | _aThe Boss | ||
| 942 | _cBK | ||
| 999 |
_c46713 _d46713 |
||